00512nam a2200157 a 4500008004100000020001800041050001300059100002000072245012600092260004200218300001900260350001000279500001500289650003100304700001900335130909s2011 ||||||||||||||||| || u a9781848601543 aH 62 Jes aMatheson, Lydia10aDoing your literature review: traditional and systematic techniquescby Jill K. Jesson, Lydia Matheson and Fiona M. Lacey aLos Angeles:bSAGE Publicationsc2011 ax, 175p.: ill. a49.00 aREFERENCES 0aSOCIAL SCIENCES--RESEARCH  aJesson, Jill K